|
|
|
|
| LEADER |
00000nab a2200000 a 4500 |
| 001 |
vtls000223150 |
| 003 |
SK-MaSNL |
| 005 |
20260304073638.0 |
| 008 |
250422c1985 xo 0 slo |
| 015 |
|
|
|a SNBRB19rr/mm-uuuuu
|
| 035 |
|
|
|a CL0233264
|
| 035 |
|
|
|a urn:nbn:sk:snk-abel6t
|
| 035 |
|
|
|a (urnnbn)urn:nbn:sk:snk:ar-006xsm
|
| 035 |
|
|
|a (uuid)08dc7a3c-0144-4b90-a5f5-b48cf248c9c3
|
| 040 |
|
|
|a SNKBUCL
|b slo
|c SNKBUCL
|e AACR2
|
| 041 |
0 |
|
|a slo
|
| 044 |
|
|
|a xo
|c SK
|
| 080 |
|
|
|a 639.3:595.324
|2 1981
|
| 080 |
|
|
|a 595.324
|2 1981
|
| 100 |
1 |
|
|a Kovrižnych, Jevgenij
|4 aut
|9 1163532
|
| 245 |
1 |
0 |
|a Chov dafnií
|c Jevgenij Kovrižnych
|
| 650 |
0 |
7 |
|a dafnie
|2 snkbucl
|9 1318080
|
| 650 |
0 |
7 |
|a Cladocera
|2 snkbucl
|9 1137344
|
| 650 |
0 |
7 |
|a ryby
|2 snkbucl
|9 2750
|
| 655 |
|
7 |
|a články z novín a časopisov
|2 snkbucl
|9 267496
|
| 773 |
0 |
|
|t Poľovníctvo a rybárstvo
|g Roč. 37, č. 9 (1985), s. 29
|
| 850 |
|
|
|a Slovenská národná knižnica
|
| 852 |
|
|
|a Slovenská národná knižnica
|
| 958 |
|
|
|a article27
|
| 958 |
|
|
|a OND
|
| 958 |
|
|
|a RK
|
| 992 |
|
|
|a RBX
|
| 999 |
|
|
|c 2772521
|d 2774451
|